LEADER 00650naa a2200145 i 4500 001 000000325951 003 CaOOAMICUS 005 20180831173512.0 008 180831n xx u000 u fre u 013 $a37036 040 $aSeMil$bita 245 10$aPaul VI et la dynamique de l'evangelisation en l'Afrique. 650 4$aEvangelizzazione - Africa.$0(OLS)http://semarc/subject/15257 773 0 $tEsortazione apostolica di Paolo 6. "Evangelii Nuntiandi".$dBrescia : Istituto Paolo 6., 1998.$kPubblicazioni dell'Istituto Paolo 6.$z88-382-3766-2$gp.284-298$w()62467 996 $6245$aPaul VI et la dynamique de l'evangelisation en l'Afrique$9(OLS)http://semarc/title/399062 LEADER 01874nam a2200265 i 4500 001 000000000901 003 CaOOAMICUS 005 20230307125352.0 008 180830s19861992it u000 u mul u 040 $aSeMil$bita 245 03$aIl Cristo. 264 1$a[Milano] :$bFondazione Lorenzo Valla :$bArnoldo Mondadori,$c1986-1992. 300 $a5 v. ;$c21 cm. 490 1 $aScrittori greci e latini 650 4$aCristologia - Testi.$0(OLS)http://semarc/subject/1065 650 4$aGesù Cristo - Teologia.$0(OLS)http://semarc/subject/8299 774 0 $t1: Testi teologici e spirituali dal 1. al 4. secolo.$d[Milano] : Fondazione Lorenzo Valla ; Milano : Arnoldo Mondadori, 1990.$b3. ed.$kScrittori greci e latini$z88-04-26055-6$g1$w()35236 774 0 $t2: Testi teologici e spirituali in lingua greca dal 4. al 7. secolo.$d[Milano] : Fondazione Lorenzo Valla ; Milano : Arnoldo Mondadori, 1986.$kScrittori greci e latini$g2$w()35237 774 0 $t3: Testi teologici e spirituali in lingua latina da Agostino ad Anselmo di Canterbury.$d[Milano] : Fondazione Lorenzo Valla ; Milano : Arnoldo Mondadori, 1989.$kScrittori greci e latini$z88-04-31903-8$g3$w()35238 774 0 $t4: Testi teologici e spirituali in lingua latina da Abelardo a San Bernardo.$d[Milano] : Fondazione Lorenzo Valla ; Milano : Arnoldo Mondadori, 1991.$kScrittori greci e latini$z88-04-34825-9$g4$w()40561 774 0 $t5: Testi teologici e spirituali da Riccardo di San Vittore a Caterina da Siena.$d[Milano] : Fondazione Lorenzo Valla ; Milano : Arnoldo Mondadori, 1992.$kScrittori greci e latini$z88-04-35387-2$g5$w()40366 830 0$aScrittori greci e latini.$0(OLS)http://semarc/title/137 996 $6245$aIl Cristo$9(OLS)http://semarc/title/1402 996 $6264$a[Milano] :$bFondazione Lorenzo Valla :$bArnoldo Mondadori$9(OLS)http://semarc/publisher/30147 LEADER 01364nam a2200265 i 4500 001 000000065488 003 CaOOAMICUS 005 20131104000000.0 008 131104s1951 xx u000 u spa u 013 $a36660 040 $aSeMil$bita 100 1 $aFebrer, Mateo .$0(OLS)http://semarc/name/32916 245 13$aEl Concepto de persona y la union hipostatica :$brevisión tomista del problema /$cpor el P. Mateo Febrer O. P. Profesor en el Estudio General dominicano de la Provincia de Aragón. 260 $aValencia :$bEditorial F. E. D. A.,$c1951. 300 $a380 p. ;$c23 cm. 490 0 $aBiblioteca de tomistas españoles ;$vVolumen13. 500 $aContiene : Apéndice tercero. 650 4$aPersona - Teologia.$0(OLS)http://semarc/subject/6891 650 4$aTommaso : d'Aquino - Cristologia.$0(OLS)http://semarc/subject/10801 650 4$aGesù Cristo - Unione ipostatica.$0(OLS)http://semarc/subject/7417 830 0$aBiblioteca de tomistas españoles ;$vVolumen13.$0(OLS)http://semarc/title/12514 850 $aSeMil 852 $aSeMil$W1$xVenegono$y1$m2N I 64$j31641$B31641$CSeMilBibl$Z2$F31644 $81 996 $6245$aEl Concepto de persona y la union hipostatica :$brevisión tomista del problema$9(OLS)http://semarc/title/103925 996 $6260$aValencia :$bEditorial F. E. D. A.$9(OLS)http://semarc/publisher/42603 LEADER 01349nam a2200277 i 4500 001 000000346409 003 CaOOAMICUS 005 20210607142029.0 008 210603s1898 it u000 u ita u 013 $a172264 040 $aSeMil$bita 245 00$aCircolare alla Diocesi di Milano :$bIl Rosario Mariano. 260 $aMilano :$bTip. e libreria arcivivescovile Ditta Boniardi-Pogliani di G. Giovanola e C.,$c1898. 300 $a10 p. ;$c26 cm 500 $aStemma dell'Arcivescovo A. Ferrari sul front 650 4$aRosario.$0(OLS)http://semarc/subject/8125 650 4$aFerrari, Andrea Carlo - Scritti, discorsi, omelie, lettere pastorali, etc.$0(OLS)http://semarc/subject/37544 700 1 $aFerrari, Andrea Carlo,$c.$0(OLS)http://semarc/name/8218 700 0 $aLeo XIII,$c.$0(OLS)http://semarc/name/553 850 $aSeMil 852 $aSeMil$W1$xVenegono$y1$m5D VIII 27/14$j226849$B237481$CSeMilBibl$Z2$F237481 $8I 900 0 $aLeone XIII$c. 996 $6245$aCircolare alla Diocesi di Milano :$bIl Rosario Mariano$9(OLS)http://semarc/title/279154 996 $6260$aMilano :$bTip. e libreria arcivivescovile Ditta Boniardi-Pogliani di G. Giovanola e C.$9(OLS)http://semarc/publisher/36050 LEADER 00529naa a2200133 i 4500 001 000000325744 003 CaOOAMICUS 005 20180831173508.0 008 180831n it u000 u ita u 013 $a36814 040 $aSeMil$bita 245 10$aPluralità, interdipendenza e convivenza delle religioni. 773 0 $tReligioni nello spazio pubblico.$dRoma : Aracne, 2015.$kPercorsi di etica. Colloqui$z978-88-548-8597-4$gp.23-38$w()247073 996 $6245$aPluralità, interdipendenza e convivenza delle religioni.$9(OLS)http://semarc/title/398884 LEADER 01275nam a2200265 4500 001 000000351488 003 CaOOAMICUS 005 20220907100201.0 008 220907s2022 it 000 u ita r 020 $a978-88-6434-398-3 040 $aSeMil$bita 100 1 $aIbba, Giovanni,$d<1962- >.$0(OLS)http://semarc/name/13435 245 10$aCon le ali si coprivano i piedi :$bla sessualità nella Bibbia e nella letteratura giudaica del Secondo Tempio /$cGiovanni Ibba. 264 1$aFirenze :$bNerbini,$c2022. 300 $a173 p. ;$c21 cm 490 1 $aI sentieri di Egeria ;$v2 650 4$aSecondo Tempio di Gerusalemme - Letteratura [:] Sessualità.$0(OLS)http://semarc/subject/52800 650 4$aBibbia - Sessualità.$0(OLS)http://semarc/subject/12659 830 2$aI sentieri di Egeria ;$v2.$0(OLS)http://semarc/title/441279 850 $aSeMil 852 $aSeMil$W1$xVenegono$y1$m2V II 178$j269105$B242682$CSeMilBibl$Z2$F242682 $81 996 $6020$a978-88-6434-398-3$9(OLS)http://semarc/number/296636 996 $6245$aCon le ali si coprivano i piedi :$bla sessualità nella Bibbia e nella letteratura giudaica del Secondo Tempio$9(OLS)http://semarc/title/441275 996 $6264$aFirenze :$bNerbini$9(OLS)http://semarc/publisher/32321 LEADER 01496nam a2200289 i 4500 001 000000049028 003 CaOOAMICUS 005 20090824000000.0 008 090824s1994 it u000 u ita u 013 $a20198 020 $a88-396-0534-7 040 $aSeMil$bita 100 1 $aPavlídou, Eléni.$0(OLS)http://semarc/name/24282 245 10$aLaici e segni dei tempi :$bil discernimento storico-salvifico dalla «Gaudium et spes» alla «Christifideles laici» /$cEléni Pavlídou. 260 $aBologna :$bDehoniane,$c1994. 300 $a293 p. ;$c21 cm. 490 0 $aBiblioteca di ricerche teologiche ;$v3 650 4$aConcilio Vaticano II <1962-1965> - Costituzioni pastorali . Gaudium et Spes.$0(OLS)http://semarc/subject/417 650 4$aLaicato.$0(OLS)http://semarc/subject/6802 650 4$aGiovanni Paolo II - Esortazioni apostoliche . Christifideles laici.$0(OLS)http://semarc/subject/10222 830 0$aBiblioteca di ricerche teologiche ;$v3.$0(OLS)http://semarc/title/5885 850 $aSeMil 852 $aSeMil$W1$xVenegono$y1$m2B II 405$j15183$B15183$CSeMilBibl$Z2$F15183 $81 961 $aOmaggio per recensione: Scuola Cattolica 996 $6020$a88-396-0534-7$9(OLS)http://semarc/number/22319 996 $6245$aLaici e segni dei tempi :$bil discernimento storico-salvifico dalla «Gaudium et spes» alla «Christifideles laici»$9(OLS)http://semarc/title/74381 996 $6260$aBologna :$bDehoniane$9(OLS)http://semarc/publisher/30419